000 00659nam a2200217Ia 4500
003 GCL
008 140319s9999 xx 000 0 ara d
040 _aGCL /
_cGCL
082 0 4 _aد
_b050
_bاا
100 1 _aالنادى الدبلوماسى المصرى
245 1 0 _aالدبلوماسى /
_cالنادى الدبلوماسى المصرى
260 _a[S.N] :
_bالنادي الدبلوماسى المصرى
300 _a74
490 _aسلسلة الترث
_v0
650 0 4 _aالادب
650 0 4 _aالسياسة
650 0 4 _aالدبلوماسية
650 0 4 _aالدبلوماسيون
650 0 4 _aالثقافة
942 _2ddc
_cCF
999 _c27059
_d27059